| 000 | 01493nam a22001937a 4500 | ||
|---|---|---|---|
| 005 | 20260109151113.0 | ||
| 006 | a|||||r||||||||||| | ||
| 008 | 251128s |||||||| |||| 00| ||gre d | ||
| 020 | _a9786903722434 | ||
| 040 |
_aGR-ThMCL _bgre _dGR-ThMCL _eAACR2 |
||
| 245 | 1 | 0 | _aΔιαγνωστικά Κριτήρια Από DSM-5-TR |
| 250 | _a5th | ||
| 260 |
_bΙατρικές Εκδόσεις Λίτσας; _c2022 |
||
| 300 | _a346 | ||
| 520 | _aDSM-5 Classification, Preface, DSM-5 Basics, Introduction, Cautionary Statement for Forensic Use of DSM-5, Diagnostic Criteria and Codes, Neurodevelopmental Disorders, Schizophrenia Spectrum and Other Psychotic Disorders, Bipolar and Related Disorders, Depressive Disorders, Anxiety Disorders, Obsessive-Compulsive and Related Disorders, Trauma - and Stressor-Related Disorders, Feeding and Eating Disorders, Sleep-Wake Disorders, Sexual Dysfunctions, Gender Dysphoria, Disruptive and Impulse Control and Conduct Disorders, Sustance-Related and Addictive Disorders, Neurocognitive Disorders, Personality Disorders, Paraphilic Disorders, Other Mental Disorders, Medication-Induced Movement Disorders and Other Adverse Effects of Medication, Other Conditions that May Be a Focus of Clinical Attention, Emerging Measures and Models, Assessment Measures, Cultural Formulation, Alternative DSM-5 Model for Personality Disorders, Appendices, Index. | ||
| 710 | 2 | _aΙατρικές Εκδόσεις Λίτσας | |
| 942 | _cBK | ||
| 999 |
_c9973 _d9973 |
||